Countries that Search Burundi the Most - Statistics

General Stats
  • This quiz has been taken 11 times
  • The average score is 8 of 10
Answer Stats
Google Trend Score Answer % Correct
1 Democratic Republic of the Congo
100%
<1 Kenya
100%
3 Rwanda
100%
1 Tanzania
100%
<1 Uganda
100%
<1 Malawi
70%
<1 Somalia
60%
<1 Zambia
60%
<1 Cameroon
50%
<1 Benin
10%
No matching quizzes found
Score Distribution
Percent of People with Each Score
Percentile by Number Answered
Your Score History
You have not taken this quiz